Norway in the dynamics of European legal integration
Saved in:
| Main Author: | |
|---|---|
| Format: | Chapter/Article |
| Language: | English |
| Published: |
2012
|
| In: |
Coexistence, cooperation and solidarity ; Vol. 2
Year: 2012, Pages: 2019-2039 |
| Subjects: | |
| Online Access: |
|
| Author Notes: | Peter-Christian Müller-Graff |
MARC
| LEADER | 00000caa a2200000 c 4500 | ||
|---|---|---|---|
| 001 | 1425868908 | ||
| 003 | DE-627 | ||
| 005 | 20220810104902.0 | ||
| 007 | tu | ||
| 008 | 120104s2012 xx ||||| 00| ||eng c | ||
| 035 | |a (DE-627)1425868908 | ||
| 035 | |a (DE-576)355868903 | ||
| 035 | |a (DE-599)BSZ355868903 | ||
| 035 | |a (OCoLC)1340403925 | ||
| 040 | |a DE-627 |b ger |c DE-627 |e rakwb | ||
| 041 | |a eng | ||
| 084 | |a 19 |2 sdnb | ||
| 100 | 1 | |a Müller-Graff, Peter-Christian |d 1945- |0 (DE-588)121637565 |0 (DE-627)081437714 |0 (DE-576)16230885X |4 aut | |
| 245 | 1 | 0 | |a Norway in the dynamics of European legal integration |c Peter-Christian Müller-Graff |
| 264 | 1 | |c 2012 | |
| 300 | |a 21 | ||
| 336 | |a Text |b txt |2 rdacontent | ||
| 337 | |a ohne Hilfsmittel zu benutzen |b n |2 rdamedia | ||
| 338 | |a Band |b nc |2 rdacarrier | ||
| 689 | 0 | 0 | |d b |0 (DE-588)5098525-5 |0 (DE-627)132918269 |0 (DE-576)194702391 |a Europäische Union |2 gnd |
| 689 | 0 | 1 | |d g |0 (DE-588)4042640-3 |0 (DE-627)104106735 |0 (DE-576)209051795 |a Norwegen |2 gnd |
| 689 | 0 | 2 | |d s |0 (DE-588)4048849-4 |0 (DE-627)104470712 |0 (DE-576)209079495 |a Rechtsvereinheitlichung |2 gnd |
| 689 | 0 | 3 | |d u |0 (DE-588)4304420-7 |0 (DE-627)121640949 |0 (DE-576)211067814 |a Accord sur l'Espace économique européen : 1992 |2 gnd |
| 689 | 0 | |5 (DE-627) | |
| 773 | 0 | 8 | |i In |t Coexistence, cooperation and solidarity ; Vol. 2 |d Leiden [u.a.] : Nijhoff, 2012 |g (2012), Seite 2019-2039 |h XIV S., S. 1086 - 2211 |w (DE-627)1416471065 |w (DE-576)346471060 |z 9789004214699 |7 nnam |a Norway in the dynamics of European legal integration |
| 773 | 1 | 8 | |g year:2012 |g pages:2019-2039 |g extent:21 |a Norway in the dynamics of European legal integration |
| 951 | |a AR | ||
| 990 | |a Accord sur l'Espace économique européen : 1992 | ||
| 990 | |a Rechtsvereinheitlichung | ||
| 990 | |a Norwegen | ||
| 990 | |a Europäische Union | ||
| 992 | |a 20131203 | ||
| 993 | |a BookComponentPart | ||
| 994 | |a 2012 | ||
| 998 | |g 121637565 |a Müller-Graff, Peter-Christian |m 121637565:Müller-Graff, Peter-Christian |d 20000 |d 20500 |e 20000PM121637565 |e 20500PM121637565 |k 0/20000/ |k 1/20000/20500/ |p 1 |x j |y j | ||
| 999 | |a KXP-PPN1425868908 |e 2776969139 | ||
| BIB | |a Y | ||
| JSO | |a {"relHost":[{"language":["eng","ger"],"type":{"bibl":"book"},"physDesc":[{"extent":"XIV S., S. 1086 - 2211"}],"disp":"Norway in the dynamics of European legal integrationCoexistence, cooperation and solidarity ; Vol. 2","title":[{}],"part":{"text":"(2012), Seite 2019-2039","extent":"21","year":"2012","pages":"2019-2039"},"recId":"1416471065","origin":[{"publisherPlace":"Leiden [u.a.]","dateIssuedDisp":"2012","publisher":"Nijhoff","dateIssuedKey":"2012"}],"relMultPart":[{"title":[{"subtitle":"Liber amicorum Rüdiger Wolfrum","title":"Coexistence, cooperation and solidarity","title_sort":"Coexistence, cooperation and solidarity"}],"note":["Beitr. teilw. engl., teilw. dt"],"part":{"number_sort":["2"],"number":["2"]},"recId":"1416470956","origin":[{"dateIssuedDisp":"2012-","publisherPlace":"Leiden [u.a.]","dateIssuedKey":"2012","publisher":"Nijhoff"}],"id":{"isbn":["9789004188938"],"eki":["1416470956"]},"person":[{"given":"Holger P.","display":"Hestermeyer, Holger P.","role":"edt","family":"Hestermeyer"},{"family":"Seibert-Fohr","given":"Anja","display":"Seibert-Fohr, Anja","role":"edt"},{"given":"Rüdiger","role":"hnr","display":"Wolfrum, Rüdiger","family":"Wolfrum"}],"language":["eng","ger"],"type":{"bibl":"edited-book"},"name":{"displayForm":["ed. by Holger P. Hestermeyer; Doris König; Nele Matz-Lück; Anja Seibert-Fohr ..."]},"ga":1}],"id":{"isbn":["9789004214699"],"eki":["1416471065"]}}],"person":[{"display":"Müller-Graff, Peter-Christian","role":"aut","given":"Peter-Christian","family":"Müller-Graff"}],"language":["eng"],"type":{"bibl":"chapter"},"name":{"displayForm":["Peter-Christian Müller-Graff"]},"physDesc":[{"extent":"21 S."}],"id":{"eki":["1425868908"]},"title":[{"title_sort":"Norway in the dynamics of European legal integration","title":"Norway in the dynamics of European legal integration"}],"origin":[{"dateIssuedKey":"2012","dateIssuedDisp":"2012"}],"recId":"1425868908"} | ||
| SRT | |a MUELLERGRANORWAYINTH2012 | ||